Statistics for NBA All-Time Leading Scorers Each NBA Team

Click here to take the quiz!

General Stats

  • This quiz has been taken 368 times
  • The average score is 23 of 30

Answer Stats

HintAnswer% Correct
CLE - 23,119LeBron James
98%
CHI - 29,277Michael Jordan
96%
DAL - 31,560Dirk Nowitzki
94%
GSW - 20,998Stephen Curry
94%
LAL - 33,643Kobe Bryant
92%
MIA - 21,556Dwyane Wade
90%
HOU - 26,511Hakeem Olajuwon
88%
UTA - 36,374Karl Malone
88%
POR - 18,534Damian Lillard
86%
OKC - 18,859Russell Westbrook
86%
MIL -15,435Giannis Antetokounmpo
85%
MIN - 19,201Kevin Garnett
84%
NYK - 23,665Patrick Ewing
84%
IND - 25,279Reggie Miller
84%
SAS - 26,496Tim Duncan
84%
ATL - 23,292Dominique Wilkins
82%
DET - 18,822Isiah Thomas
80%
NOP - 11,059Anthony Davis
74%
ORL - 11,435Dwight Howard
73%
PHO - 15,666Walter Davis
72%
TOR - 13,296DeMar DeRozan
70%
BKN - 10,444Brook Lopez
69%
CHA - 12,009Kemba Walker
69%
BOS - 26,395John Havlicek
68%
SAC - 22,009Oscar Robertson
66%
DEN - 21,645Alex English
64%
MEM - 11,733Mike Conley
56%
WAS - 15,551Elvin Hayes
43%
PHI - 21,586Hal Greer
31%
LAC - 12,735Randy Smith
26%

Score Distribution

Percentile by Number Answered

Percent of People with Each Score

Your Score History

You have not taken this quiz